000 00451nam a2200169Ia 4500
008 230711s9999||||xx |||||||||||||| ||und||
020 _a978-0-07-070020-8
041 _aENG
082 _a664.028
_bRO-F
100 _aRoday,Sunetra
245 0 _aFood Hygiene and Sanitation
250 _a2nd Ed.
260 _c2011
_aNew Delhi
_bMcGraw Hill Education(India) Private Limited
300 _a425p.
650 _aFood Science and Technology
942 _cBK
999 _c7398
_d7398